Determinants of the Selection of Travel Agencies on Polish Tourist Services Market
Predstavenie rozdielov týkajúcich sa zdrojov hľadania informácií o cestovnej kancelárii. Stanovenie determinantov, ktorými sa respondenti riadia pri nákupe turistických zájazdov v danej cestovnej kancelárii. Použitie priameho dotazníka v rôznych regiónoch Poľska.
Na minha lista:
| Autor principal: | |
|---|---|
| Formato: | Capítulo de Livro |
| Idioma: | inglês |
| Assuntos: | |
| Tags: |
Sem tags, seja o primeiro a adicionar uma tag!
|
MARC
| LEADER | 00000naa a2200000 4500 | ||
|---|---|---|---|
| 001 | 0268940 | ||
| 005 | 20201005094404.8 | ||
| 041 | 0 | |a eng | |
| 044 | |a CZ | ||
| 245 | 1 | 0 | |a Determinants of the Selection of Travel Agencies on Polish Tourist Services Market |c Anna Mazurek-Kusiak |
| 520 | |a Predstavenie rozdielov týkajúcich sa zdrojov hľadania informácií o cestovnej kancelárii. Stanovenie determinantov, ktorými sa respondenti riadia pri nákupe turistických zájazdov v danej cestovnej kancelárii. Použitie priameho dotazníka v rôznych regiónoch Poľska. | ||
| 610 | 2 | 0 | |a ruch cestovný |
| 610 | 2 | 0 | |a agentúry |
| 610 | 2 | 0 | |a informácie |
| 610 | 2 | 0 | |a služby |
| 610 | 2 | 0 | |a Poľsko |
| 100 | 1 | |a Mazurek-Kusiak, Anna | |